Critica apasionada : una lectura introductoria de la obra de hannah arendt /
Guardado en:
| Autor Principal: | |
|---|---|
| Formato: | Libro |
| Publicado: |
Buenos Aires :
Prometeo,
2003
|
| Materias: | |
| Etiquetas: |
Agregar Etiqueta
Sin Etiquetas, Sea el primero en etiquetar este registro!
|
| LEADER | 00636nam a22002055a 4500 | ||
|---|---|---|---|
| 001 | EHU.bham028700 | ||
| 003 | AR-BHAM | ||
| 005 | 20110518143337.0 | ||
| 008 | 130507s2003##################000#0#####d | ||
| 082 | 3 | 2 | |a 320.092 |
| 100 | 1 | |a Mundo, Daniel | |
| 245 | 1 | 0 | |a Critica apasionada : |b una lectura introductoria de la obra de hannah arendt / |c Daniel Mundo |
| 260 | |a Buenos Aires : |b Prometeo, |c 2003 | ||
| 300 | |a 221 p. | ||
| 653 | |a Politica-analisis | ||
| 653 | |a Cultura y sociedad | ||
| 653 | |a Arendt, hannah | ||
| 653 | |a Pensamiento-historia | ||
| 653 | |a Hermeneutica | ||
| 859 | |a AR-BHAM |b BIB. HUMANIDADES - General |h 320.092 |i M923 |p 1098.05 |t Ej.1 | ||
